| 000 | 005170000a22001810004500 | ||
|---|---|---|---|
| 003 | MACL | ||
| 005 | 20160407163151.0 | ||
| 008 | 160407b xxu||||| |||| 00| 0 eng d | ||
| 040 |
_aMACL _cMACL |
||
| 041 | _aHindi | ||
| 082 | _a610 SUD | ||
| 100 |
_aरामकृष्ण _951104 |
||
| 245 | _aजीन्स और जीवन | ||
| 260 |
_bविज्ञान भारती _c2009 _aगाजयाबाद |
||
| 350 | _a100 | ||
| 650 |
_aMedical Science _951105 |
||
| 942 |
_cHIN _k610/SUD _2ddc |
||
| 999 |
_c41704 _d41704 |
||